000 01200nab a22002417a 4500
999 _c5696
_d5696
003 OSt
005 20251229112042.0
008 190429b xxu||||| |||| 00| 0 spa d
040 _cPJ
100 _96102
_aMartínez, Agustina Lara
245 1 3 _aEl caso del "Tirano del hogar" :
_b¿dogmática penal vs. DIDH? /
_cAgustina Lara Martínez.
260 _cCiudad Autónoma de Buenos Aires :
_aThomson Reuters La Ley,
_b2025.
300 _ap. 96-102
500 _aCita: TR LALEY AR/DOC/2196/2025.
505 _aSumario: I. Introducción.— II. Análisis de un caso: "M. C. S".— III. El abordaje del caso del "Tirano del hogar" en la dogmática penal.— IV. El juicio por jurados y la perspectiva de género.— V. Algunas (breves) conclusiones preliminares.
505 _tSi te interesa el texto completo, solicitalo a koha@justierradelfuego.gov.ar
650 0 _9343
_aDERECHO PENAL
650 0 _92793
_aLEGÍTIMA DEFENSA
650 0 _94044
_aPERSPECTIVA DE GÉNERO
650 0 _93053
_aVIOLENCIA DE GÉNERO
773 0 _02658
_93164
_tRevista de derecho penal y criminología. Nº 8 - Octubre 2025
_dCiudad Autónoma de Buenos Aires : Thomson Reuters La Ley, 2017-
_x00347914
942 _2udc
_cANA